| 000 | 02648nam a22003137a 4500 | ||
|---|---|---|---|
| 001 | 6532 | ||
| 003 | FISKH | ||
| 005 | 20250508101337.0 | ||
| 008 | 250508b cb ||||| |||| 00| 0 eng d | ||
| 020 | _a9780864424549 | ||
| 040 |
_aFISKH _beng _cFISKH _dFISKH |
||
| 050 | _aDS614 .I5436 | ||
| 082 | _a915.9804 | ||
| 100 | _aTurner, Peter | ||
| 245 |
_aIndonesia / _cBy Peter Turner ,Brendan Delahunty , Paul Greenway , James Lyon , Chris Taylor and David Willett |
||
| 250 | _aFirst published 1986 | ||
| 260 |
_aFort Mill : _bLonely Planet , _c1997. |
||
| 300 |
_a1049 pages : _bcolor illustrations, maps ; _c19 cm . |
||
| 490 | _aLonely Planet | ||
| 505 | _aZ | ||
| 520 | _aLonely Planet's local travel experts reveal all you need to know to plan the trip of a lifetime to Indonesia. Discover popular and off the beaten track experiences from visiting the dozens of golden beaches along the coastline of Gunung Kidul to taking a diving tour of the Liberty shipwreck in Bali, and trekking through the rainforest in little-visited Gunung Palung National Park. Build a trip to remember with Lonely Planet's Indonesia travel guide:Our classic guidebook format provides you with the most comprehensive level of information for planning multi-week tripsUpdated with an all new structure and design so you can navigate Indonesia and connect experiences together with easeCreate your perfect trip with exciting itineraries for extended journeys combined with suggested day trips, walking tours, and activities to match your passionsGet fresh takes on must-visit sights including Prambanan, Tumpak Sewu, and Pulau MenjanganSpecial features on where to spot wildlife, volcano climbing guide, Borneo river cruiseExpert local recommendations on when to go, eating, drinking, nightlife, shopping, accommodation, adventure activities, festivals, and moreEssential information toolkit containing tips on arriving; transport; making the most of your time and money; LGBTIQ+ travel advice; useful words and phrases; accessibility; and responsible travelConnect with Indonesian culture through stories that delve deep into local life, history, and traditions Inspiring full-colour travel photography and maps Covers Java, Bali, Nusa Tenggara, Maluku, Papua, Sumatra, Kalimantan, Sulawesi Create a trip that's uniquely yours and get to the heart of this extraordinary country with Lonely Planet's Indonesia. | ||
| 521 | 8 |
_a1010
_bLexile |
|
| 521 | 8 |
_aZ
_bRaz-Plus |
|
| 650 |
_aLovely Planet _vNon-fiction |
||
| 650 |
_aTravel guide _vNon-fiction |
||
| 700 |
_aDelahunty, Brendan _eIllustrator |
||
| 942 |
_2ddc _cBK _n0 |
||
| 999 |
_c6532 _d6532 |
||